[Event "Bayern-ch 77th"]
[Site "Bad Woerishofen"]
[Date "2006.09.01"]
[Round "8"]
[White "Niedermaier, Barbara"]
[Black "Jussupow, Nadejda"]
[Result "0-1"]
[WhiteElo "1892"]
[BlackElo "2080"]
[PlyCount "114"]
[EventDate "2006.08.26"]
[EventType "swiss"]
[EventRounds "9"]
[EventCountry "GER"]
[SourceTitle "EXT 2007"]
[Source "ChessBase"]
[SourceDate "2006.11.23"]
[SourceVersion "1"]
[SourceVersionDate "2006.11.23"]
[SourceQuality "1"]

1. e4 e5 2. Nf3 Nf6 3. Nxe5 d6 4. Nf3 Nxe4 5. Nc3 Nxc3 6. dxc3 Be7 7. Be3 Nc6 8. Qd2 Be6 9. Bd3 Qd7 10. a3 Ne5 11. Nxe5 dxe5 12. 0-0-0 0-0-0 13. Qe2 Qa4 14. f3 a6 15. Kd2 Qc6 16. Ke1 Bc5 17. Kf2 Bxe3+ 18. Qxe3 Qb6 19. Qxb6 cxb6 20. Rhe1 f6 21. h3 g5 22. Rd2 h5 23. Red1 g4 24. hxg4 hxg4 25. Be4 Rxd2+ 26. Rxd2 Kc7 27. Ke3 gxf3 28. gxf3 f5 29. Bd5 Bc8 30. Rg2 Rh7 31. Ke2 b5 32. c4 bxc4 33. Bxc4 Kd6 34. Bd3 Kc5 35. Kd2 a5 36. b3 Rh3 37. Rg8 Bd7 38. Rd8 Kc6 39. Bb5+ Kxb5 40. Rxd7 Kc6 41. Re7 Kd6 42. Rxb7 Rxf3 43. Ra7 Rf2+ 44. Kd1 e4 45. Rxa5 e3 46. Ke1 f4 47. Rf5 Ke6 48. Rf8 Ke5 49. Re8+ Kd4 50. c4 Rb2 51. c5 f3 52. Kd1 f2 53. Kc1 Re2 54. Rf8 Re1+ 55. Kc2 f1Q 56. Rd8+ Kxc5 57. b4+ Kb6 0-1

[Event "Bayern-ch 77th"]
[Site "Bad Woerishofen"]
[Date "2006.08.27"]
[Round "3"]
[White "Just, Hannes"]
[Black "Niedermaier, Barbara"]
[Result "1-0"]
[WhiteElo "2122"]
[BlackElo "1892"]
[PlyCount "69"]
[EventDate "2006.08.26"]
[EventType "swiss"]
[EventRounds "9"]
[EventCountry "GER"]
[SourceTitle "EXT 2007"]
[Source "ChessBase"]
[SourceDate "2006.11.23"]
[SourceVersion "1"]
[SourceVersionDate "2006.11.23"]
[SourceQuality "1"]

1. e4 c5 2. Nf3 Nc6 3. d4 cxd4 4. c3 dxc3 5. Nxc3 e6 6. Bc4 a6 7. 0-0 Qc7 8. Qe2 Nf6 9. h3 Bd6 10. Rd1 Ne5 11. Bb3 Nxf3+ 12. Qxf3 0-0 13. Bg5 Be7 14. Rac1 Qa5 15. Qe3 Ng4 16. hxg4 Bxg5 17. f4 Be7 18. Kh2 Qc5 19. Qg3 Qb4 20. g5 d5 21. e5 Bd7 22. Bxd5 Qxb2 23. Rb1 Qa3 24. Rb3 Qc5 25. Ne4 Qc2 26. Rd2 Qc1 27. Bxb7 Ba4 28. Rc3 Qb1 29. Nf6+ Bxf6 30. gxf6 Qg6 31. Bxa8 Qh6+ 32. Kg1 Rxa8 33. Rcd3 Rf8 34. Rd8 Be8 35. Rb8 1-0